| 000 | 01718cad a22003255a 4500 | ||
|---|---|---|---|
| 001 | L159538 | ||
| 008 | 140115s2016 xxk f 000 0 eng d | ||
| 020 | _a9781783211661 | ||
| 035 | _a(Sirsi) u159538 | ||
| 041 | 0 | _aeng | |
| 050 | 0 | 4 | _a692.3 $2 18 |
| 110 | 2 |
_aInternational Property Measurement Standards Coaliton _96145 |
|
| 240 | _aIPMS | ||
| 245 | 0 | 0 |
_aInternational Property Measurement Standards _bResidential Buildings _h[archived] |
| 260 |
_aLondon, _bInternational Property Measurement Standards Coalition, _c2016 |
||
| 300 | _a51p. | ||
| 490 | _aInternational Property Measurement Standards | ||
| 520 | _aIPMS for Office Buildings has been drafted by the independent Standards Setting Committee and establishes a consistent methodology for measuring residential buildings around the world. The aim of the Coalition is to enable buildings to be measured, and the resulting calculated areas to be provided, on a transparent basis. IPMS will promote market efficiency through greater confidence between investors and occupiers by providing consistent property measurements for transactions and valuations. | ||
| 590 | _aKA | ||
| 650 | 2 | 4 | _aInternational Property Measurement Standards |
| 650 | 2 | 4 |
_aResidential property _96266 |
| 651 | 4 | _aInternational | |
| 690 |
_aMeasurement _96256 |
||
| 700 | 1 | _aCreighton, Kenneth | |
| 700 | 1 | _aPirlot, Jean-Yves | |
| 700 | 1 | _aPrats, Lisa | |
| 856 | 4 | 0 |
_uhttps://ipmsc.org/wp-content/uploads/2016/09/ipms-residential-buildings-sept-2016.pdf _zAvailable on IPMSC archive |
| 856 | 4 | 0 |
_uhttps://www.rics.org/profession-standards/knowledge-and-information-services _zIf IPMSC copy unavailable email [email protected] for a digital copy |
| 942 |
_n0 _2ddc |
||
| 999 |
_c115982 _d115982 |
||